MARC details
| 000 -LEADER |
| fixed length control field |
01772 a2200409 4500 |
| 001 - CONTROL NUMBER |
| control field |
200421780 |
| 003 - CONTROL NUMBER IDENTIFIER |
| control field |
TR-AnTOB |
| 005 - DATE AND TIME OF LATEST TRANSACTION |
| control field |
20240916095406.0 |
| 008 - FIXED-LENGTH DATA ELEMENTS--GENERAL INFORMATION |
| fixed length control field |
150411s2014 tu 000 0 |
| 020 ## - INTERNATIONAL STANDARD BOOK NUMBER |
| International Standard Book Number |
9786051496733 (volume III) |
|
| International Standard Book Number |
9786051496726 (volume II) |
|
| International Standard Book Number |
9786051496719 (volume I) |
|
| International Standard Book Number |
9786051496702 (takım) |
| 040 ## - CATALOGING SOURCE |
| Original cataloging agency |
TR-AnTOB |
| Language of cataloging |
tur |
| Description conventions |
rda |
| 041 ## - LANGUAGE CODE |
| Language code of text/sound track or separate title |
Türkçe |
| 050 ## - LIBRARY OF CONGRESS CALL NUMBER |
| Classification number |
BP175 |
| Item number |
.T87 2014 |
| 090 ## - LOCALLY ASSIGNED LC-TYPE CALL NUMBER (OCLC); LOCAL CALL NUMBER (RLIN) |
| Classification number (OCLC) (R) ; Classification number, CALL (RLIN) (NR) |
BP175 .T87 2014 |
| 111 ## - MAIN ENTRY--MEETING NAME |
| 9 (RLIN) |
105526 |
| Meeting name or jurisdiction name as entry element |
Türk Dünyası Bilgeler Zirvesi: Gönül Sultanları Buluşması |
| Date of meeting |
(26-28 Mayıs 2014 : |
| Location of meeting |
Eskişehir) |
| 245 #0 - TITLE STATEMENT |
| Title |
Türk Dünyası Bilgeler Zirvesi : |
| Remainder of title |
Gönül Sultanları Buluşması (26-28 Mayıs 2014) bildiriler / |
| Statement of responsibility, etc. |
editör Ejder Okumuş, proje koordinatörü İbrahim Akgün. |
| 264 ## - PRODUCTION, PUBLICATION, DISTRIBUTION, MANUFACTURE, AND COPYRIGHT NOTICE |
| Place of production, publication, distribution, manufacture |
Eskişehir: |
| Name of producer, publisher, distributor, manufacturer |
Türk Dünyası Kültür Başkenti Ajansı Yayınları, |
| Date of production, publication, distribution, manufacture, or copyright notice |
2014 |
| 300 ## - PHYSICAL DESCRIPTION |
| Extent |
3 volume ; |
| Dimensions |
24 cm. |
| 336 ## - CONTENT TYPE |
| Content type term |
text |
| Source |
rdacontent |
| 337 ## - MEDIA TYPE |
| Media type term |
unmediated |
| Source |
rdamedia |
| 338 ## - CARRIER TYPE |
| Carrier type term |
volume |
| Source |
rdacarrier |
| 504 ## - BIBLIOGRAPHY, ETC. NOTE |
| Bibliography, etc. note |
|
| 505 ## - FORMATTED CONTENTS NOTE |
| Formatted contents note |
I.Bilgeler -- II.Bilgeler ve İslam -- III.Bilgeler ve günümüz sorunları -- IV.Tasavvuf -- V.İrfan, kültür ve medeniyet -- VI.İnsan, toplum -- VII.Adalet ve siyaset -- VIII.Felsefe, bilim, ahlak ve eğitim -- IX.Dil ve edebiyat. |
| 650 #7 - SUBJECT ADDED ENTRY--TOPICAL TERM |
| Topical term or geographic name entry element |
Kişilik |
| General subdivision |
Dini yönleri |
| -- |
İslam |
| Source of heading or term |
etuturkob |
| 9 (RLIN) |
105527 |
|
| Topical term or geographic name entry element |
Personality |
| General subdivision |
Religious aspects |
| -- |
Islam |
| 9 (RLIN) |
105528 |
|
| Topical term or geographic name entry element |
Islam |
| Form subdivision |
Biography |
| -- |
Congresses |
| 9 (RLIN) |
105530 |
|
| Topical term or geographic name entry element |
İslam |
| Form subdivision |
Biyografi |
| -- |
Kongreler |
| 9 (RLIN) |
105529 |
| 700 1# - ADDED ENTRY--PERSONAL NAME |
| Personal name |
Okumuş, Ejder |
| 9 (RLIN) |
105523 |
|
| Personal name |
Akgün, İbrahim |
| 9 (RLIN) |
105524 |
| 710 2# - ADDED ENTRY--CORPORATE NAME |
| Corporate name or jurisdiction name as entry element |
Eskişehir İli (Türkiye). |
| Subordinate unit |
Valilik |
| 9 (RLIN) |
105525 |
|
| Corporate name or jurisdiction name as entry element |
Eskişehir Osmangazi Üniversitesi |
| 9 (RLIN) |
27514 |
| 942 ## - ADDED ENTRY ELEMENTS (KOHA) |
| Koha item type |
Book |